| 000 | 00393nam a2200145 a 4500 | ||
|---|---|---|---|
| 005 | 20140310183215.0 | ||
| 008 | 030421s19uu xx 00 eng d | ||
| 050 |
_aRM 300 _b.C579 2004 |
||
| 100 | _aClayton, Bruce D. | ||
| 245 |
_aBasic Pharmacology for Nurses / _cBruce D. Clayton. |
||
| 300 |
_a775 p. : _bill. , col. ; _c28 cm. |
||
| 521 | _aNUR | ||
| 942 |
_cBK _2lcc _kFOR |
||
| 999 |
_c20218 _d20218 |
||